Entry Nombre personal
001 - NÚMERO DE CONTROL
- campo de control: 24824
003 - IDENTIFICADOR DE NÚMERO DE CONTROL
- campo de control: SpMaBN
005 - FECHA Y HORA DE LA ÚLTIMA TRANSACCIÓN
- campo de control: 20230907170452.0
008 - ELEMENTOS DE DATO DE LONGITUD-FIJA
- campo de control de longitud fija: 950426n| aijnnaabn |a aaa
016 ## - NÚMERO DE CONTROL DE UNA AGENCIA BIBLIOGRÁFICA NACIONAL
- Número de control del registro: BNE19950386434
- Número de control cancelado o inválido: BNE20010760395
024 8# - IDENTIFICADOR DE OTROS ESTÁNDARES
- Número estándar o código: https://data.cervantesvirtual.com/person/593
024 7# - IDENTIFICADOR DE OTROS ESTÁNDARES
- Número estándar o código: http://viaf.org/viaf/56173138/
- Fuente: viaf
024 7# - IDENTIFICADOR DE OTROS ESTÁNDARES
- Número estándar o código: https://isni.org/isni/0000000116479165
- Fuente: isni
024 7# - IDENTIFICADOR DE OTROS ESTÁNDARES
- Número estándar o código: http://www.wikidata.org/entity/Q8961028
- Fuente: wikidata
040 ## - FUENTE DE CATALOGACIÓN
- Centro catalogador/agencia de origen: SpMaBN
- Lengua de catalogación: spa
- Centro/agencia transcriptor: SpMaBN
- Normas de descripción: rdc
- Convención/Normas de encabezamiento de materia/tesauro: embne
046 ## - FECHAS CON CODIFICACIÓN ESPECIAL
- Fecha de nacimiento: 1831
- Fecha de la muerte: 1905
100 1# - ENCABEZAMIENTO-NOMBRE DE PERSONA
- Nombre de persona: Balart, Federico,
- Fechas asociadas al nombre: 1831-1905
370 ## - LUGAR ASOCIADO
- Lugar de nacimiento: Pliego
- Número de control del registro de autoridad o número normalizado: XX455693
- Fuente de información: Wikidata
373 ## - GRUPO ASOCIADO
- Grupo asociado: Ateneo de Madrid
374 ## - OCUPACIÓN
- Ocupación: Críticos literarios
- Ocupación: Politicos
- Ocupación: Periodistas
- Ocupación: Poetas
- Fuente de información: Wikidata
375 ## - GÉNERO/SEXO
- Género: Masculino
- Fuente de información: Wikidata
377 ## - IDIOMA ASOCIADO
- Término de lengua/lenguaje: Español
400 1# - TRAZADO DE VÉASE--NOMBRE DE PERSONA
- Nombre de persona: Balart Elgueta, Federico,
- Fechas asociadas al nombre: 1831-1905
400 0# - TRAZADO DE VÉASE--NOMBRE DE PERSONA
- Nombre de persona: Un aficionado,
- Fechas asociadas al nombre: 1831-1905
670 ## - FUENTE DE DATOS ENCONTRADOS
- Cita de la fuente: Obras poéticas, 1947
- Información encontrada: port. (Federico Balart) solapa (n. 23-10-1831 en Pliego, Murcia-m. 11-4-1905, Madrid)
670 ## - FUENTE DE DATOS ENCONTRADOS
- Cita de la fuente: Guía del espectador en las corridas de toros, 2006, reprod. de la ed. de 1900
- Información encontrada: port. (escrito por un aficionado)
670 ## - FUENTE DE DATOS ENCONTRADOS
- Cita de la fuente: Dic. de siglas y seud. literarios de Rogers y Lapuente, 1977
- Información encontrada: (Aficcionado, Un; Balart, Federico (1831-1905)
670 ## - FUENTE DE DATOS ENCONTRADOS
- Cita de la fuente: Espasa
- Información encontrada: (Balart, Federico; n. 1831-m. 1905; poeta y crítico español)
670 ## - FUENTE DE DATOS ENCONTRADOS
- Cita de la fuente: WWW Academia Bellas Artes de Murcia, 10-10-2013
- Información encontrada: (Federico Balart Elgueta; n. 1831, Pliego-m. 1905, Madrid; político, escritor, poeta y periodista)
670 ## - FUENTE DE DATOS ENCONTRADOS
- Cita de la fuente: WWW BN España aut., 07/09/2023
- Información encontrada: (Balart, Federico 1831-1905)
678 ## - DATOS BIOGRÁFICOS O HISTÓRICOS
- Datos biográficos o históricos: Socio del Ateneo de Madrid. Secretario segundo de la Sección de Literatura y Bellas Artes en 1862. Secretario primero de la Sección de Literatura y Bellas Artes en 1865
